00618nam a2200169Ia 4500008004100000020001800041082002100059100004000080245010400120250001100224260003400235300001600269337001000285338001400295505011600309650002300425120622s9999 xx 000 0 und d a970-07-5787-0 a340.1 G216i 2005 aGarcía Máynez, Eduardoe, autor aIntroducción al estudio del derecho c/ Eduardo García Máynez ; prol. de Virgilio Domínguez a58a.ed aMéxico b: Porrúac, 2005 axxx, 444 p. atexto asin medio aLa noción del derecho. Las diciplinas juridicas. Los conceptos juridicos fundamentales. La tecnica juridica. 14aTEORIA DEL DERECHO